000 00320nam a2200133Ia 4500
008 190723s9999 xx 000 0 und d
020 _a978-93-325-8709-0
100 _aRichard R. Still
245 0 _aSales & Distribution Management
250 _a6th
260 _aIndia
_bPearson
_c2017
300 _a590.:p
942 _cBK
999 _c1919
_d1919